000 00412cam a22001217a 4500
008 180718b1989 xxu||||| |||| 00| 0 eng d
082 _aAPPPA 88-89 BEL
100 _aBelgamkar, P.V.
245 _aCentral reserve police force structural-functional dimension
_cby P.V. Belgamkar
260 _aNew Delhi
_bIndian Institute of Public Administration
_c1989
300 _a151+p.
650 _aCentral reserve police force
999 _c501463
_d501463